zpět

Detail výsledku týmu

Kozlovna S-klub, Olomouc

Datum a čas kvízu

37 Celkem bodů Celkový počet nahraných bodů na tomto kvízu bez doplňovacích otázek.
3. Pořadí na kvízu Konečné umístění týmu na tomto kvízu.

Zaznamenané odpovědi

# Otázka Odpověď Body Výsledky
1. V pondělí jsme si připomněli D... Jan Cina 1
2. Rádio svobodná Evropa/Rádio Sv... v Maďarsku 0
3. Jak se jmenuje nový film Dana... Neporazitelní 0
4. Automobilka Ford oznámila, že... Focus 1
5. Na fotbalové mistrovství světa... Curaçao 1
6. Za půl bodu uveďte název ameri... Bratrstvo neohrožených/Band of Brothers; rota E/Easy Company 1
7. Seřaďte následující vojenské h... 1D 2A 3C 4B 1
8. Po půl bodu můžete dostat za u... Karel Kryl; Bratříčku, zavírej vrátka 0.5
9. Jednotka českých a slovenských... o Francii 1
10. Ve kterém satirickém románu vy... Hlava XXII (Catch-22) 1